St. Gallen Quiz - Statistiken

Allgemein
  • Dieses Quiz wurde 134 mal gespielt
    130 seit der letzten Aktualisierung
  • Das Durchschnittsergebnis liegt bei 11 aus 20
Antwortstatistiken
Hinweis Antwort % Korrekt
Hauptstadt St. Gallen
99%
See, der mit dem Thurgau, Deutschland und Österreich geteilt wird Bodensee
90%
Einer der grössten Flüsse Europas Rhein
88%
Wird nicht mit Senf gegessen Bratwurst
86%
Herbstmesse in der Hauptsadt OLMA
85%
Heiliger nach dem der Kanton benannt ist Gallus
83%
Fussballverein in einer der beiden höchsten Ligen (nenne einen) FC St. Gallen, FC Wil
75%
See an der Grenze zu Glarus Walensee
73%
Zweitgrösste Stadt Rapperswil-Jona
65%
Eines der grössten und ältesten Musikfestivals der Schweiz OpenAir St.Gallen
63%
Frühjahrsmesse in der Hauptsadt OFFA
57%
Hausberg der Hauptstadt Säntis
45%
Churfirsten (nenne einen) Selun, Frümsel, ...
41%
Weltkulturerbe Stiftsbezirk St. Gallen
40%
Messe in Altstätten RHEMA
35%
Kanal, der ein Malariaproblem löste Linth-Kanal
26%
Kleinste Stadt (mit historischem Stadtrecht; < 60 Einwohner) Werdenberg SG
24%
Verhalf 1938-39 als Polizeihauptmann jüdischen Flüchtlingen zur Flucht in die Schweiz Paul Grüninger
22%
Verfügte die Gründung in der heutigen Form Napoléon Bonaparte
18%
Name der Insel darauf Schnittlauchinsel
11%
Keine übereinstimmenden Quizze gefunden
Verteilung der Resultate
Anzahl Personen mit jedem Resultat
Perzentil nach korrekt beantworteten Fragen
Ihre Resultats-Entwicklung
Sie haben dieses Quiz seit der letzten Aktualisierung nicht gespielt